000 00440nam a2200145Ia 4500
005 20250117022447.0
008 240331s9999 xx 000 0 und d
082 _bHAN
_a923
245 0 _aHandy Perinbanayagam :
_ba memorial volume
260 _aChunnakam
_bThirumakal Press
_c1980
300 _aiv, 174 p .,
500 _aThe Jaffna youth congress and Selection from his writings and speeches
700 _aKanagaratnam.
_eedt
942 _cL
999 _c3465
_d3465